De la centralisation et de ses effects / (Record no. 151697)

MARC details
000 -LEADER
campo de control de longitud fija 00620nam a2200181 i 4500
001 - NÚMERO DE CONTROL
campo de control 151697
003 - IDENTIFICADOR DE NÚMERO DE CONTROL
campo de control ES-MaACL
005 - FECHA Y HORA DE LA ÚLTIMA TRANSACCIÓN
campo de control 20230906204334.0
008 - DATOS DE LONGITUD FIJA--INFORMACIÓN GENERAL
campo de control de longitud fija 931025s1861 fr |||| | fre d
100 1# - ENTRADA PRINCIPAL--NOMBRE DE PERSONA
Nombre de persona Barrot, Camille Hyacinthe Odilon (
Fechas asociadas al nombre 1791-1873)
9 (RLIN) 125837
245 10 - MENCIÓN DEL TÍTULO
Título De la centralisation et de ses effects /
Mención de responsabilidad, etc. par Odilon Barrot.
260 ## - PUBLICACIÓN, DISTRIBUCIÓN, ETC.
Lugar de publicación, distribución, etc. Paris :
Nombre del editor, distribuidor, etc. H. Dumineray,
Fecha de publicación, distribución, etc. 1861 (
Lugar de fabricación/manufactura Saint Germain-en-Laye :
Fabricante Imp. de Beau)
300 ## - DESCRIPCIÓN FÍSICA
Extensión VIII, 248 p. ;
Dimensiones 17 cm.
490 1# - MENCIÓN DE SERIE
Mención de serie Etudes contemporaines
830 0# - PUNTO DE ACCESO ADICIONAL DE SERIE-TÍTULO UNIFORME
Título uniforme Etudes contemporaines
9 (RLIN) 221257
852 ## - LOCALIZACIÓN
Ubicación ES-MaACL
Número de control de estantería G-10044
Nota libre -- Enc. hol.
Holdings
Estatus retirado Estado de pérdida Estado de daño No para préstamo Colección Biblioteca de origen Biblioteca actual Ubicación en estantería Fecha de adquisición Fuente de adquisición Total de préstamos Signatura topográfica completa Código de barras Visto por última vez Precio de reemplazo Tipo de ítem Koha
        Libros del s. XIX Biblioteca del Ateneo de Madrid Biblioteca del Ateneo de Madrid Sala Pecera Planta 3 17/01/2008     G-10044 1158320 23/02/2023 23/02/2023 Libro impreso antiguo